| 000 | 00951nam a2200313Ia 4500 | ||
|---|---|---|---|
| 003 | OSt | ||
| 005 | 20220912150522.0 | ||
| 006 | a|||||r|||| 00| 0 | ||
| 007 | ta | ||
| 008 | 220909b |||||||| |||| 00| 0 eng d | ||
| 020 | _a0120498618 (hbd) | ||
| 024 | _a15988 | ||
| 037 | _b204, 21/10/2005, Ashutosh Technical Books | ||
| 037 | _cTextbook | ||
| 040 |
_aCSL _beng _cCSL |
||
| 041 | _aeng | ||
| 082 | _aG:55:(D855), N4;N9 TG | ||
| 100 | _aAlexander Martin | ||
| 245 | 0 | _aBiodegradation and bioremediation | |
| 250 | _a2 | ||
| 260 |
_aSan Diego _bAcademic Press _c1999 |
||
| 300 |
_axiv,453p. _ccm. |
||
| 500 | _aIncludes bibliographical references; Appendix 435-442p; Index 443-453p | ||
| 650 | _a Biodegradation | ||
| 650 | _a Bioremediation | ||
| 650 | _aBiology | ||
| 942 |
_hG:55:(D855), N4;N9 TG _cTB _2CC |
||
| 999 |
_c49293 _d49293 |
||